000 00620nam a2200229Ia 4500
005 20240103092644.0
008 131103s9999 xx 000 0 und d
020 _a8189040049
_cRs 75
040 _aLoreto College
041 _aEnglish
082 _a891.456
_bDAS
100 _aDas, J P
245 _aStories,
_cJ P Das
250 _aTranslated from the Oriya by Paul St-Pierre, Leelawati Mohapatra and K K Mohapatra
260 _aBhubaneswar
_bGrassroots
_c2003
300 _a71p
630 _aOriya Fiction
650 _aOriya Stories
651 _aFiction in English
850 _aLCLIB
942 _cBK
999 _c21920
_d72399